000 00727nam a2200241Ia 4500
008 191130s2001##################000#0#eng##
020 _a9780761986621
022 _a12057
040 _aACL
_cACL
082 _a306.42 ROY
100 _aRoy, William G
245 _aMaking societies : the historical construction of our world
_cWilliam G. Roy
260 _aThousand Oaks, Calif
_bPine Forge Press
_cc2001
300 _axix, 219 p. : ill. ; 23 cm
500 _aIncludes bibliographical references and index
650 _aKnowledge, Sociology of
650 _aSocial classes
650 _aSocial groups
650 _aSpace and time
990 _aa0542a22ac10000c302b05fe75375c56
991 _a213868
999 _c1561
_d1561